Strager in the forest : on foot across Borneo

Bibliographic Details
Main Author: Hansen, Eric
Format: Book
Published: Kuala Lumpur : S.A Majeed , 1993
Subjects:

MARC

LEADER 00000cam a2200000 7i4500
001 0000003654
002 000003936
005 20080117.0
020 |a 9838992240 
090 0 0 |a 904   |b HAN 
100 1 |a Hansen, Eric 
245 1 0 |a Strager in the forest :   |b on foot across Borneo   |c Eric Hansen 
260 |a Kuala Lumpur :   |b S.A Majeed ,   |c 1993 
300 |a 287p. ;   |c 22cm. 
650 0 0 |a Travel writing 
999 |a 037116   |b BUKU   |c PINJAMAN   |e PERPUSTAKAAN KOMUNITI PETALING JAYA